| 000 | 01112nam a2200313 c 4500 | ||
|---|---|---|---|
| 003 | BLK | ||
| 005 | 20240919134626.0 | ||
| 008 | 180409b bul|||||r ||||||| ||bul|| | ||
| 010 | _aKNG00115048000 | ||
| 020 |
_a954-775-086-0 _bиздат.: Фабер |
||
| 040 | _aBLK | ||
| 041 |
_aBUL _cBUL |
||
| 080 |
_aОбщо езикознание и филология _b81 _x _z81 |
||
| 100 |
_aАсенова, Петя _gПетрова-Паскалева, Петя Асенова _9366619 |
||
| 139 |
_aАсенова, Петя _bА 92 |
||
| 245 | 1 | 0 |
_aБалканско езикознание _bОсн. проблеми на балканския езиков съюз _cПетя Асенова. |
| 257 | _aBGR | ||
| 260 |
_аВ. Търново _bФабер _c2002 |
||
| 300 |
_a375 с. _c20 см |
||
| 380 | _a80 | ||
| 650 | 4 |
_aЕзикознание _9154355 |
|
| 653 | _aезикознание | ||
| 852 | _aЦб 220899 | ||
| 856 | 4 |
_qpdf _u |
|
| 856 | 4 |
_qpdf _u |
|
| 942 |
_cKNG _n0 |
||
| 944 |
_aCR _c20.09.2004 _k30545 _lНора Радева |
||
| 944 |
_aED _c31.07.2017 _kВиолета_Тройчева |
||
| 999 |
_c109727 _d109727 |
||